Nábožensky motivovaný terorizmus v Európe bakalárska práca

Enregistré dans:
Détails bibliographiques
Auteur principal: Zbojová, Katarína
Collectivité auteur: Fakulta medzinárodných vzťahov EU. Katedra medzinárodných ekonomických vzťahov a hospodárskej diplomacie
Autres auteurs: Dudášová, Marianna
Format: Livre
Langue:slovaque
Publié: Bratislava 2018
Tags: Ajouter un tag
Pas de tags, Soyez le premier à ajouter un tag!

MARC

LEADER 00000nbm a2200000 4500
001 0244522
005 20180924093653.6
041 0 |a slo 
044 |a SK 
245 1 0 |a Nábožensky motivovaný terorizmus v Európe  |b bakalárska práca  |c Katarína Zbojová ; školiteľ: Marianna Dudášová 
264 1 |a Bratislava  |c 2018 
300 |a 47 s. 
100 1 |a Zbojová, Katarína 
700 1 |a Dudášová, Marianna 
710 2 |a Fakulta medzinárodných vzťahov EU. Katedra medzinárodných ekonomických vzťahov a hospodárskej diplomacie